000 00673nam a22001817a 4500
999 _c330807
_d330807
003 NUST
005 20170808125707.0
008 150904b xxu||||| |||| 00| 0 eng d
020 _a9698122125
040 _cLIBRARY
082 _a624.1 KHA
100 _97497
_aKhan, Muhammad Zubair
245 _aMechanical vibration proceedings:2nd international symposium on mechanical vibrations (ISMV-2000)
_c[Editors] Muhammad Zubair Khan
260 _cc.2001
_aRawalpindi
_bA.Q.Khan Research Laboratories
300 _a605p.
500 _aP.B
650 _97501
_aMechanical engineering
_xME
942 _2ddc
_cBK
_kIESE